| 000 | 00372 a2200133 4500 | ||
|---|---|---|---|
| 000 | nam a22 7a 4500 | ||
| 100 | _aBaloch, Mana Ram | ||
| 110 | _aBaloch, Mana Ram | ||
| 245 | _aMedicinal Plants of Arid and Semiarid Regions of India | ||
| 250 | _aLatest edition | ||
| 260 |
_bScientific Publishers _c2026 |
||
| 264 |
_bScientific Publishers _c2026 |
||
| 942 | _cBK | ||
| 999 |
_c396012 _d396012 |
||